| 000 | 01085cam a22003131 4500 | ||
|---|---|---|---|
| 001 | sa 65008038 | ||
| 003 | DLC | ||
| 005 | 20260227112153.0 | ||
| 008 | 890829m19659999ii 000 0 sano | ||
| 010 | _asa 65008038 | ||
| 035 | _a(OCoLC)20275208 | ||
| 040 |
_aDLC _cWaU _dDLC |
||
| 042 | _apremarc | ||
| 050 | 0 | 0 |
_aPK531 _b.B4 |
| 100 | 0 | _aBhartr̥hari. | |
| 245 | 1 | 0 | _aMahābhāṣyaṭīkā. |
| 260 | _c[1965- | ||
| 300 |
_av. _c25 cm. |
||
| 440 | 0 |
_aHindu Vishvavidyalaya Nepal Rajya Sanskrit series, _vv. 11 |
|
| 500 | _aAdded t.p. in English. | ||
| 500 | _aIn Sanskrit; foreword and pref. in English. | ||
| 500 | _aBhartr̥hari's work is a commentary on the Mahābhāṣya of Patañjali, which is in turn a commentary on the sūtras of Pāṇini and the vārttikas of Kātyāyana. | ||
| 500 | _a"Thesis approved for the degree of M. Litt. of the University of Madras in 1956." | ||
| 650 | 0 |
_aSanskrit language _xGrammar. |
|
| 700 | 0 | _aPatañjali. | |
| 700 | 0 | _aPāṇini. | |
| 700 | 0 |
_aKātyāyana, _dactive 4th or 3rd century B.C. |
|
| 700 | 1 | _aSwaminathan, V. | |
| 999 |
_c65506 _d65506 |
||